000 00770cam a2200265 4500
999 _c129552
_d129552
001 4546620
003 ARRUPE
005 20190503100312.0
008 720526s1972 nyu b 000 0 eng
010 _a 70190192
020 _a0231032900
040 _aDLC
_cDLC
_dDLC
050 0 0 _aHV43
_b.K26
082 0 0 _a361.3/2
100 1 _aKadushin, Alfred.
_946219
245 1 4 _aThe social work interview.
_cAlfred Kadushin
260 _aNew York,
_bColumbia University Press,
_c1972.
300 _a337 p.
_c23 cm.
350 _a$12.50
504 _aBibliography: p. [309]-332.
650 0 _aInterviewing.
_946220
650 0 _aSocial service.
_946221
906 _a7
_bcbc
_corignew
_d1
_encip
_f19
_gy-gencatlg
942 _2lcc
_cMONOGRAPH